Anatomy of a social institution: (Record no. 164819)

MARC details
000 -LEADER
fixed length control field 00701nam a22001937a 4500
005 - DATE AND TIME OF LATEST TRANSACTION
control field 20190528165048.0
010 ## - LCCN (DPL NO)
LC control number ENG-125334
020 ## - INTERNATIONAL STANDARD BOOK NUMBER
International Standard Book Number 9789380336169
Terms of availability 500.00
035 ## - SYSTEM CONTROL NUMBER
System control number EN-108866
037 ## - SOURCE OF ACQUISITION
Source of stock number/acquisition DBAD/PUB
082 ## - DEWEY DECIMAL CLASSIFICATION NUMBER
Classification number 306.810954
100 ## - MAIN ENTRY--PERSONAL NAME
Personal name Guha-Basu, Suchandra
245 ## - TITLE STATEMENT
Title Anatomy of a social institution:
Statement of responsibility, etc by Suchandra Guha-Basu
Remainder of title marriage in India in hinduism and islam (18th-19th century)/
260 ## - PUBLICATION, DISTRIBUTION, ETC. (IMPRINT)
Place of publication, distribution, etc Kolkata
Name of publisher, distributor, etc Frame Eternity
Date of publication, distribution, etc 2010
270 ## - ADDRESS
Address 4/17 Chandutaka Lane, Malancha,
City Kolkata
Postal code 700040
Electronic mail address mahabodhibooksagency@hotmail.com
300 v# - PHYSICAL DESCRIPTION
Extent 288p.
Dimensions 23cm(Hb)
500 ## - GENERAL NOTE
General note include bibliographical references and index
942 ## - ADDED ENTRY ELEMENTS (KOHA)
Source of classification or shelving scheme Dewey Decimal Classification
Item type English Books
Call number suffix GUH
Classification part 306.810954
Holdings
Withdrawn status Lost status Not for loan Collection code Home library Current library Date acquired Source of acquisition Cost, normal purchase price Full call number Barcode Copy number Cost, replacement price Koha item type
      Non-fiction Bawana Bawana 28/05/2019 DBAD/PUB 500.00 306.810954 GUH EN-108866 1 500.00 English Books

© Delhi Public Library
Hit Counter
free hit counter